000 00633nam a2200205 i 4500
001 27392
003 ES-MaACL
005 20240515063030.0
007 t|
008 030114s1941 mx ||||1| spa d
100 1 _aAyala, Francisco,
_d1906-2009
_924111
245 1 3 _aEl problema del liberalismo /
_cFrancisco Ayala.
250 _a1ª ed.
260 _aMéxico :
_bFondo de Cultura Económica,
_c[1941] (
_fGráf. Panamericana)
300 _a107 p. ;
_c20 cm.
490 1 _aManuales introductorios
830 0 _aManuales introductorios
_9184034
852 _aES-MaACL
_jD-7876
_bR.30395
999 _c27392
_d27392